000 00503pab a2200157 454500
008 180718b1989 xxu||||| |||| 00| 0 eng d
100 _aSastry, Kuruganty R.
245 _aParticipatory elements in structures of self - governance
_bAn analysis Mandal Praja Parishads in Andhra Pradesh
260 _c1989
300 _a409-13
362 _aJul.
650 _aDistrict Administration - India - Andhra Pradesh
700 _aMukkavilli Seetharam
773 _aJournal of Rural Development
909 _a7345
999 _c7345
_d7345